书目信息 |
| 题名: |
新课标英语语法精解
|
|
| 作者: | 高凌 主编 | |
| 分册: | ||
| 出版信息: | 北京 世界知识出版社 2006 |
|
| 页数: | 300页 | |
| 开本: | 21cm | |
| 丛书名: | ||
| 单 册: | ||
| 中图分类: | G634.413 | |
| 科图分类: | ||
| 主题词: | 英语--语法--中学--教学参考资料 , 英语 | |
| 电子资源: | ||
| ISBN: | 7-5012-2973-2 | |
| 000 | 00713nam0 2200241 450 | |
| 000 | 00807nam0 2200241 450 | |
| 000 | 00736nam0 2200217 450 | |
| 000 | 00700oam2 2200205 45 | |
| 005 | 20070802160507.65 | |
| 010 | @a7-5012-2973-2@dCNY15.00 | |
| 100 | @a20070730d2006 em y0chiy0120 ea | |
| 101 | 0 | @achi |
| 102 | @aCN@b110000 | |
| 105 | @ay z 000yy | |
| 200 | 1 | @a新课标英语语法精解@AXin Ke Biao Ying Yu Yu Fa Jing Jie@f高凌主编@FGao Ling Zhu Bian |
| 210 | @a北京@c世界知识出版社@d2006 | |
| 215 | @a300页@d21cm | |
| 606 | 0 | @a英语@x语法@x中学@j教学参考资料 |
| 606 | 0 | @a英语 |
| 690 | @aG634.413@v4 | |
| 701 | 0 | @a高凌@AGao Ling@4主编 |
| 801 | 0 | @aCN@bTAOJIN@c20070802 |
| 905 | @a10447@dG634.413@e1029 | |
| 新课标英语语法精解/高凌主编.-北京:世界知识出版社,2006 |
| 300页;21cm |
| ISBN 7-5012-2973-2:CNY15.00 |
| ● |
| 相关链接 |
|
|
|
|
正题名:新课标英语语法精解
索取号:G634.413/1029
 
预约/预借
| 序号 | 登录号 | 条形码 | 馆藏地/架位号 | 状态 | 备注 |
| 1 | 0826653 | 208266534 | 第一样本阅览室/ [索取号:G634.413/1029] | 在馆 | |
| 2 | 0826654 | 208266543 | 第四借阅区/ [索取号:G634.413/1029] | 在馆 | |
| 3 | 0826655 | 208266552 | 第四借阅区/ [索取号:G634.413/1029] | 在馆 | |
| 4 | 0826656 | 208266561 | 第四借阅区/ [索取号:G634.413/1029] | 在馆 | |
| 5 | 0826657 | 208266570 | 第四借阅区/ [索取号:G634.413/1029] | 在馆 |